000 00263nam a2200121 i 4500
001 bg
245 0 _aLutte contre la polution des eaux.
260 _aParis,
_c1971.
040 _cBPK
041 _apol
942 _cKS
008 s pl f |000 0 pol
999 _c27298
_d27298
856 _uhttp://koha.tu.koszalin.pl/cgi-bin/koha/opac-detail.pl?biblionumber=27298
_yKatalog online BPK